| Registos Bibliográficos associados ao registo de autoridade |
|
Etiqueta de registo: 00230nam 2200025 450 001 1784043 003 http://id.bnportugal.gov.pt/bib/catbnp/1784043 100 ## $a20110706d2009 k y0pory0103 ba 101 0# $aeng$dpor 102 ## $aPT 105 ## $aa m 001yy 106 ## $ar 200 1# $aThermohydrodynamic performance of twin groove journal bearings considering realistic
lubricant supply conditions$e a theoretical and experimental study$fFrancisco Carrusca Pimenta de Brito$gorient. António A. Sousa Miranda 210 #9 $a[Braga$cs.n.],$d2009 215 ## $aXXII, 288 p.$cil.$d30 cm 215 ## $a1 disco óptico (CD-ROM) em caixa$cil.$d13 x 14 x 1 cm 305 ## $aEd. impressa e em CD-ROM 320 ## $aBibliografia, p. 263-280 328 #1 $aTese dout. Engenharia Mecânica (Tribologia), Escola de Engenharia, Univ. do Minho,
2009 675 ## $a621.81/.85(043)$vBN$zpor$31482309 675 ## $a621.89(043)$vBN$zpor$31239553 700 #1 $aBrito,$bFrancisco Carrusca Pimenta de$31465306 702 #1 $aMiranda,$bAntónio Augusto Sousa$4727$31464088 801 #0 $aPT$bBN$gRPC 966 ## $lBN$mDEM$sS.A. 51426 P.$x1 966 ## $lBN$mFGMON$sS.A. 142241 V.$x1
Etiqueta de registo: 00254nam 2200025 450 001 2247078 003 http://id.bnportugal.gov.pt/bib/catbnp/2247078 100 ## $a20260114d2025 k y0pory01030103ba 101 0# $aeng$dpor 102 ## $aPT 105 ## $aa m 000yy 106 ## $ar 200 1# $aTetrahedrite nanocomposites for high performance thermoelectrics$efrom materials to devices$fRodrigo Cristóvão Dias Coelho$gorient. António Cândido Lampreia Pereira Gonçalves, Francisco Carrusca Pimenta de
Brito, Elsa Maria Simões Branco Lopes 210 #9 $aLisboa$c[s.n.],$d2025 215 ## $aXXXIV, 376 p.$cil.$d30 cm 328 #1 $aTese dout. Materials Engineering, Instituto Superior Técnico, Universidade de Lisboa,
2025 675 ## $a620.168(043)$vBN$zpor$31229661 675 ## $a620.3(043)$vBN$zpor$31386155 700 #1 $aCoelho,$bRodrigo Cristóvão Dias$31978151 702 #1 $aGonçalves,$bAntónio Cândido Lampreia Pereira$4727$3228897 702 #1 $aBrito,$bFrancisco Carrusca Pimenta de$4727$31465306 702 #1 $aLopes,$bElsa Maria Simões Branco,$f1962-$4727$3900099 801 #0 $aPT$bBN$gRPC 966 ## $lBN$mFGMON$sS.A. 192943 V.$x1 971 ## $cisantos$d20260114 972 ## $e0$z0$d20260128$vabrito 973 ## $cigoulao$d20260122 975 ## $e0$d20260218$viquintas
Etiqueta de registo: 00000nam 2200025 450 001 2264340 003 http://id.bnportugal.gov.pt/bib/catbnp/2264340 100 ## $a20260210d2022 k y0pory01030103ba 101 0# $aeng$dpor 102 ## $aPT 105 ## $aa m 000yy 106 ## $ar 200 1# $aAnalysis and optimization of the use of alternative fuels in internal combustion engines$fJoaquim da Costa$gorient. Jorge José Gomes Martins, Francisco C. Pimenta de Brito 210 #9 $a[S.l.$cs.n.],$d2022 215 ## $aXVI, 126 p.$cil.$d30 cm 328 #1 $aTese dout. Engenharia Mecânica, Escola de Engenharia, Universidade do Minho, 2022 675 ## $a620.95(043)$vBN$zpor$31221072 700 #1 $95$aCosta,$bJoaquim da$31984608 702 #1 $aMartins,$bJorge José Gomes$4727$3689237 702 #1 $aBrito,$bFrancisco Carrusca Pimenta de$4727$31465306 801 #0 $aPT$bBN$gRPC 856 40 $2Cópia digital disponível no RepositóriUM - Universidade do Minho$uhttps://hdl.handle.net/1822/77267 966 ## $lBN$mFGMON$sS.A. 193064 V.$x1 971 ## $corlando$d20260210 972 ## $e0$z0$d20260213$vasantos 973 ## $cigoulao$d20260211 975 ## $e0$d20260219$viquintas
|
|
|